LEADER 01154nam a2200265 i 4500 001 000000068806 003 CaOOAMICUS 005 20100810000000.0 008 100810s1913 it u000 u ita u 013 $a39978 040 $aSeMil$bita 100 1 $aPetruccelli della Gattina, Ferdinando.$0(OLS)http://semarc/name/14278 245 12$aI moribondi del Palazzo Carignano /$cF. Petruccelli della Gattina. 250 $aNuova ed. 260 $aBari :$bLaterza,$c1913. 300 $aXXXII, 233 p. ;$c21 cm. 490 0 $aBiblioteca di cultura moderna ;$v68 650 4$aItalia - Parlamenti - 1861-1862.$0(OLS)http://semarc/subject/13594 650 4$aRegno di Sardegna <1720-1861> - Parlamenti.$0(OLS)http://semarc/subject/13595 700 1 $aFortunato, Giustino,$d<1848-1932>.$0(OLS)http://semarc/name/34369 830 0$aBiblioteca di cultura moderna ;$v68.$0(OLS)http://semarc/title/639 850 $aSeMil 852 $aSeMil$W1$xVenegono$y1$m3U II 638$j258705$B34959$CSeMilBibl$Z2$F34962 $81 996 $6245$aI moribondi del Palazzo Carignano$9(OLS)http://semarc/title/110010 996 $6260$aBari :$bLaterza$9(OLS)http://semarc/publisher/29858 LEADER 01372nam a2200253 i 4500 001 000000068089 003 CaOOAMICUS 005 20100617000000.0 008 100617s1967 it u000 u ita u 013 $a39261 040 $aSeMil$bita 100 1 $aDe Michelis Pintacuda, Fiorella,$d<1940-2008>.$0(OLS)http://semarc/name/31724 245 13$aLe origini storiche e culturali del pensiero di Ugo Grozio /$cFiorella De Michelis. 260 $aFirenze :$bLa Nuova Italia,$c1967. 300 $a199 p. ;$c25 cm. 490 0 $aPubblicazioni dell'Istituto di Storia della filosofia dell'Università degli Studi di Milano ;$v11 490 0 $aPubblicazioni della Facoltà di lettere e filosofia dell'Università di Milano ;$v45. 600 14$aGrozio, Ugo <1583-1645>.$0(OLS)http://semarc/subject/11929 830 0$aPubblicazioni dell'Istituto di Storia della filosofia dell'Università degli Studi di Milano ;$v11.$0(OLS)http://semarc/title/18885 830 0$aPubblicazioni della Facoltà di lettere e filosofia dell'Università di Milano ;$v45.$0(OLS)http://semarc/title/22066 850 $aSeMil 852 $aSeMil$W1$xVenegono$y1$m2O II 160$j34242$B34242$CSeMilBibl$Z2$F34245 $81 996 $6245$aLe origini storiche e culturali del pensiero di Ugo Grozio$9(OLS)http://semarc/title/108656 996 $6260$aFirenze :$bLa Nuova Italia$9(OLS)http://semarc/publisher/30055